Statistics for 人的補償選手からFA選手

Click here to take the quiz!

General Stats

  • This quiz has been taken 78 times
  • The average score is 19 of 36

Answer Stats

人的補償選手FA選手% Correct
2023甲斐野央山川穂高
97%
2018長野久義丸佳浩
92%
2022田中正義近藤健介
86%
2018竹安大知西勇輝
86%
2023日高暖己西川龍馬
80%
2022張奕森友哉
78%
2020田中俊太梶谷隆幸
72%
2019小野郁鈴木大地
71%
2007赤松真人新井貴浩
69%
2018内海哲也炭谷銀仁朗
69%
2013一岡竜司大竹寛
68%
2021岩嵜翔又吉克樹
65%
2019酒居知史美馬学
60%
2017高木勇人野上亮磨
58%
2016金田和之糸井嘉男
57%
2013中郷大樹涌井秀章
57%
2013脇谷亮太片岡治大
55%
2016平良拳太郎山口俊
54%
2011藤井秀悟村田修一
52%
2017尾仲祐哉大和
52%
2007岡本真也和田一浩
51%
2014奥村展征相川亮二
46%
2005小田幸平野口茂樹
43%
2006工藤公康門倉健
40%
2007福地寿樹石井一久
40%
2011高口隆行サブロー
38%
2013鶴岡一成久保康友
35%
2012馬原孝浩寺原隼人
35%
2006吉武真太郎小久保裕紀
35%
2013藤岡好明鶴岡慎也
34%
2010高濱卓也小林宏之
34%
2012高宮和也平野恵一
32%
2005江藤智豊田清
29%
2001平松一宏前田幸長
15%
1995川邉忠義河野博文
14%
2001ユウキ加藤伸一
12%

Score Distribution

Percentile by Number Answered

Percent of People with Each Score

Your Score History

You have not taken this quiz